00351nam a22001217a 4500082003500000100001700035245006200052250001600114260002900130300002500159526003700184650000800221 a808.51bCHAcL - 30 II P - 203 aSaeed Rashid aCharacter building and public speakingcProf Saeed Rashid a2nd Edition aLahorebQureshi Brothers a219 p. :billc15 cm a0b0c0d808_510000000000000_CHA aMCE